MARC

LEADER 00000nam0a2200000 4500
001 74360
005 20231101212744.0
035 |a (RuTPU)RU\TPU\book\79300 
090 |a 74360 
100 |a 20050302d1951 km y0rusy50 ca 
101 0 |a rus 
102 |a RU 
105 |a a z 000zy 
200 1 |a Ремонт и наладка паровых турбин  |f А. Н. Сверчков 
210 |a Москва  |a Ленинград  |c Госэнергоиздат  |d 1951 
215 |a 494 с.  |c ил. 
316 |5 63413507: М-133353  |a На титульном листе и обложке владельческая подпись: "Бутаков" 
317 |5 63413507: М-133353  |a Поступила в НТБ в 1970 г. в составе книжного собрания профессора ТПИ И. Н. Бутакова 
606 1 |a Паровые турбины  |2 stltpush  |3 (RuTPU)RU\TPU\subj\74182  |9 86661 
610 1 |a ремонт 
610 1 |a наладка 
610 1 |a узлы паровых турбин 
610 1 |a такелажные работы 
610 1 |a турбины 
610 1 |a владельческая надпись 
610 1 |a библиотека И. Н. Бутакова 
675 |a 621.165  |v 3 
700 1 |a Сверчков  |b А. Н.  |g Анатолий Николаевич 
801 1 |a RU  |b 63413507  |c 20050302  |g PSBO 
801 2 |a RU  |b 63413507  |c 20190916  |g PSBO 
942 |c BK